00000000nam##2200000za#4500
0019.587681
003CaOODSP
00520210624194742
007cr |||||||||||
008150406|2007||||xxc|||||o    f|0| 0 eng|d
022 |a1701-1280
040 |aCaOODSP|beng
041 |aeng
041 |afre
043 |an-cn---
0861 |aFs70-4/2007-007-PDF
1101 |aCanada. |bDepartment of Fisheries and Oceans.
24510|aDevelopment of conservation objectives for integrated management in the Estuary and Gulf of St. Lawrence (GOSLIM) : |h[electronic resource]|bFebruary 27 to March 1, 2007, Montréal, Qc / |cMichel Gilbert, chair ; Pierre Béland, facilitator ; Chris Morry, editor.
260 |aOttawa - Ontario : |bFisheries and Oceans Canada |cJune 2007.
300 |a98p.|bcoloured map, references, tables
4901 |aCanadian Science Advisory Secretariat proceedings series|x1701-1280|v2007/007
590 |a11-31-Supp|b2011-12-13
7201 |aGilbert, Michel
7201 |aMorry, Chris
7201 |aBéland, Pierre
792 |tÉlaboration d'objectifs de conservation pour la gestion intégrée dans l'estuaire et le golfe du Saint-Laurent (GIGSL) : |efre|w(CaOODSP)9.587682
830#0|aProceedings series (Canadian Science Advisory Secretariat)|x1701-1280|v2007/007|w(CaOODSP)9.500507
85640|ahttp://publications.gc.ca|qPDF|s624 KB|uhttps://publications.gc.ca/collections/collection_2011/mpo-dfo/Fs70-4-2007-007.pdf|y2007/007